000 00304nam a2200121Ia 4500
008 190902s9999||||xx |||||||||||||| ||und||
020 _a1-84330-165-2
100 _aDr. Tommy Cairns
245 0 _aOrtho's All About Roses
260 _aLarkana
_bPrinciple Cadet College
_c174
300 _a1999
942 _cBK
999 _c2945
_d2945